5HLuxD.jpg

KING HENRY VIII SENIOR AND PRIMARY SCHOOL LIBRARY OPAC

Where's Ringo? : (Record no. 1107)

000 -LEADER
fixed length control field 01451nam a22002417a 4500
005 - DATE AND TIME OF LATEST TRANSACTION
control field 20211008090036.0
008 - FIXED-LENGTH DATA ELEMENTS--GENERAL INFORMATION
fixed length control field 211008b ||||| |||| 00| 0 eng d
020 ## - INTERNATIONAL STANDARD BOOK NUMBER
International Standard Book Number 9781626862548
Qualifying information hbk.
040 ## - CATALOGING SOURCE
Transcribing agency KH8
082 ## - DEWEY DECIMAL CLASSIFICATION NUMBER
Classification number 782.421 JAC
100 ## - MAIN ENTRY--PERSONAL NAME
Personal name Jackson, Andrew Grant
Relator term author
245 ## - TITLE STATEMENT
Title Where's Ringo? :
Remainder of title find him in 20 pieces of Beatles-inspired art /
Statement of responsibility, etc. Andrew Grant Jackson
260 ## - PUBLICATION, DISTRIBUTION, ETC.
Place of publication, distribution, etc. San Diego, CA :
Name of publisher, distributor, etc. Thunder Bay Press,
Date of publication, distribution, etc. 2014.
300 ## - PHYSICAL DESCRIPTION
Extent 96 pages :
Other physical details color illustrations ;
Dimensions 26 cm.
520 ## - SUMMARY, ETC.
Summary, etc. "Eccentric and easily recognizable, Ringo Starr is often the least-credited of the four Beatles. Now he gets his due as an entire book devotes time to picking out Ringo. Twenty Beatle-themed illustrations by artist David Ryan Robinson show the Beatles and their comrades in iconic scenes from Beatle history. You'll be amazed at the places you find Ringo -- in scenes from albums, films, and creative collaborations. There are even iconic Beatles memorabilia items hidden on each page to extend the hours of search-and-find fun. Complete with original photographs and fact-filled overviews describing each image, this Beatle keepsake will never let you down."--Publisher website
650 ## - SUBJECT ADDED ENTRY--TOPICAL TERM
Topical term or geographic name entry element Beatles
Form subdivision History.
650 ## - SUBJECT ADDED ENTRY--TOPICAL TERM
Topical term or geographic name entry element Rock musicians
Geographic subdivision England.
700 ## - ADDED ENTRY--PERSONAL NAME
Personal name Starr, Ringo
700 ## - ADDED ENTRY--PERSONAL NAME
Personal name Goddard, Oliver
Relator term Illustrator
700 ## - ADDED ENTRY--PERSONAL NAME
Personal name Akiyama, Takayo
Relator term Illustrator
700 ## - ADDED ENTRY--PERSONAL NAME
Personal name Ryan, David
Relator term Illustrator
942 ## - ADDED ENTRY ELEMENTS (KOHA)
Source of classification or shelving scheme
Koha item type Books - Non Ficton
Holdings
Withdrawn status Lost status Source of classification or shelving scheme Damaged status Not for loan Collection code Permanent Location Current Location Shelving location Date acquired Total Checkouts Full call number Barcode Date last seen Date last checked out Price effective from Koha item type
          Non-Fiction KH8 Senior School Library KH8 Senior School Library Non Fiction 2021-10-08 1 782.421 JAC 3KHSL000101833 2023-05-10 2021-12-17 2021-10-08 Books - Non Ficton

Powered By KH8 IT Dept